Score 0/10 Timer 01:00
2 Plays Today
% Correct
Blue
97%
Green
96.3%
Red
95.9%
White
92.7%
Brown
91.6%
Yellow
88.5%
Black
83.3%
Pink
79.8%
Orange
79.5%
Purple
79.4%
Remove Ads.
Support Sporcle.
Get the best of Sporcle when you Go Orange. This ad-free experience offers more features, more stats, and more fun while also helping to support Sporcle. Thank you for becoming a member.

You're not logged in!

Compare scores with friends on all Sporcle quizzes.
OR
Log In

Show Comments

Extras

Top Quizzes Today


Score Distribution

Your Account Isn't Verified!

In order to create a playlist on Sporcle, you need to verify the email address you used during registration. Go to your Sporcle Settings to finish the process.

Report this User

Report this user for behavior that violates our Community Guidelines.

Details: